NATO üzvü olan ölkələr - Statistics

General Stats
  • This quiz has been taken 28 times
  • The average score is 17 of 32
Answer Stats
Tarix Ölkə % Correct
1952 Türkiyə
91%
1949 Birləşmiş Krallıq
86%
1949 Fransa
77%
1949 İtaliya
77%
1949 Amerika Birləşmiş Ştatları
68%
1952 Yunanıstan
68%
1955 Almaniya
64%
1949 Portuqaliya
64%
1949 Belçika
59%
2004 Estoniya
59%
1982 İspaniya
59%
2024 İsveç
59%
1949 Niderland
59%
1999 Polşa
59%
2023 Finlandiya
55%
1949 Norveç
55%
2009 Xorvatiya
55%
2004 Bolqarıstan
50%
2004 Litva
50%
1999 Macarıstan
50%
2004 Latviya
45%
2009 Albaniya
36%
1999 Çexiya
36%
1949 Danimarka
36%
1949 Kanada
36%
2020 Şimali Makedoniya
36%
1949 İslandiya
32%
1949 Lüksemburq
32%
2004 Sloveniya
32%
2004 Rumıniya
27%
2004 Slovakiya
27%
2017 Monteneqro
23%
No matching quizzes found
Score Distribution
Percent of People with Each Score
Percentile by Number Answered
Your Score History
You have not taken this quiz